Révolutions (Les)
<< Retourner aux résultats de la recherche
| Auteur principal : | Jean Yves Ferri |
|---|---|
| Autres auteurs : | Manu Larcenet |
| Titre : | Révolutions (Les) |
| Support : | Livres |
| Langue : | Francais |
| Publié : |
2008 Dargaud Neuilly |
| Series : |
Retour à la terre |
| Genre : |
Bande dessinée (ados-adultes) |
| Collection : |
Poisson Pilote |
| Sujets : | |
| Étiquettes : |
Pas de tags
|
| LEADER | 00993nam0a2200229 450 | ||
|---|---|---|---|
| 001 | 16819221 | ||
| 010 | |a 978-2-205-06235-9 |b Br. |d 10,4 | ||
| 100 | |a 20090326d2008 u u0frey01 ba | ||
| 101 | 0 | |a fre | |
| 102 | |a FR | ||
| 200 | 0 | |a Révolutions (Les) |f Jean Yves Ferri, Manu Larcenet | |
| 207 | 1 | |a | |
| 210 | |a Neuilly |b 12 Rue Blaise Pascal. |c Dargaud |d 2008 | ||
| 215 | |a 1 vol. (48 p.) |c illustrations en couleur |d 30 cm | ||
| 225 | 1 | |a Poisson Pilote | |
| 330 | |a Manu et Mariette ont quitté la banlieue parisienne pour goûter au bon air de la campagne. Leur nouveau lieu de prédilection se nomme les Ravenelles. Ils vont y faire la connaissance de leurs voisins et se familiariser avec les coutumes locales. | ||
| 461 | 0 | |t Retour à la terre |v 5 | |
| 700 | 0 | |a Ferri |b Jean Yves |4 701 | |
| 701 | 0 | |a Larcenet |b Manu |f 1969-.... |4 70 | |
| 900 | |a Bande dessinée (ados-adultes) | ||
| 901 | |a Adultes | ||
| 995 | |a Médiathèque |c Médiathèque |f 089010280 |h 089010280 |k BDA RET 5 |o p |q a |r az |e Médiathèque | ||